Statistics for Top Ten Largest College Football Stadiums

Click here to take the quiz!

General Stats

  • This quiz has been taken 2,816 times
  • The average score is 8 of 10

Answer Stats

Hint Answer % Correct
109,901University of Michigan
97%
101,821University of Alabama
91%
102,329Ohio State University
86%
100,119University of Texas
86%
93,607University of Southern California
79%
106,572Penn State University
73%
102,455University of Tennessee
72%
92,542Louisiana State University
72%
94,392University of California at Los Angeles
71%
92,746University of Georgia
64%

Score Distribution

Percentile by Number Answered

Percent of People with Each Score

Your Score History

You have not taken this quiz